000 00403cam a22001577a 4500
008 180718b1962 xxu||||| |||| 00| 0 eng d
082 _aB14 G346
100 _aGhurye, G.S.
245 _aFamily and kin in Indo-European culture
_cby G.S. Ghurye
250 _a2nd ed.
260 _aBombay
_bPopular
_c1962
300 _a333p.
500 _aRs.20.00
650 _aDomestic Relations.
650 _aFamily
999 _c366374
_d366374